Loading...
| History - Other | 1 | 3 | 0 | 0 | 45 | 40 | 94.00 | 1 | 1 | 11.73 | 23.97 |
| Fine Arts - Other Arts | 0 | 5 | 1 | 3 | 45 | 118 | 141.60 | 0 | 0 | 2.15 | 11.23 |
| Fine Arts - Classical Music and Opera | 1 | 3 | 0 | 0 | 45 | 83 | 113.25 | 0 | 0 | 7.18 | 14.01 |
| Literature - World | 1 | 3 | 2 | 0 | 35 | 79 | 104.25 | 1 | 2 | 10.43 | 23.15 |
| Fine Arts - Painting and Sculpture | 1 | 1 | 0 | 1 | 25 | 77 | 116.00 | 1 | 1 | 3.79 | 8.08 |
| Literature - British | 0 | 2 | 0 | 0 | 20 | 127 | 131.00 | 0 | 0 | 1.88 | 9.62 |
| Literature - American | 0 | 3 | 3 | 0 | 15 | 112 | 120.00 | 0 | 0 | 5.82 | 13.99 |
| History - World | 0 | 2 | 1 | 1 | 15 | 119 | 130.50 | 0 | 0 | 1.16 | 5.46 |
| Philosophy | 0 | 1 | 0 | 0 | 10 | 95 | 95.00 | 0 | 1 | 2.75 | 7.14 |
| History - American | 0 | 1 | 0 | 0 | 10 | 123 | 123.00 | 0 | 1 | 0.84 | 5.13 |
| Literature - European | 0 | 1 | 0 | 0 | 10 | 117 | 117.00 | 0 | 0 | 2.00 | 4.62 |
| Geography | 0 | 1 | 0 | 1 | 10 | 157 | 157.00 | 0 | 0 | -0.16 | 1.92 |
| Modern World | 0 | 1 | 0 | 0 | 10 | 110 | 110.00 | 0 | 0 | 3.70 | 6.67 |
| Mythology | 0 | 1 | 0 | 1 | 10 | 146 | 146.00 | 0 | 0 | 2.01 | 6.67 |
| History - European | 0 | 1 | 1 | 1 | 5 | 154 | 154.00 | 0 | 0 | -0.15 | 1.54 |
| Social Science | 0 | 0 | 1 | 0 | -5 | 0.00 | 0 | 0 | 0.00 | 0.00 |